01620nam a2200181Ia 4500001001300000003001000013008004100023040002500064041000700089100001900096245008800115250001100203260002500214300001200239500110700251650006001358700002001418b6365-45640 IT-MiCISF161014s9999||||xx |||||||||||||| ||und|| aIT-MiCISFcIT-MiCISF ait aNovara Daniele 0aI bulli non sanno litigare!bL'intervento sui conflitti e lo sviluppo di comunità a1a ed. a RomabCaroccic2007 app. 175 a / bullismo, prevenzione, educazione, scuola, operatori, esperienze / Atti di violenza e bullismo trovano vasta eco nei media ma insegnanti, educatori e genitori non sanno come affrontarli. Dopo anni di ricerche e interventi centrati sugli individui, nell'improbabile missione di rendere i bulli più 'buoni' e le vittime meno indifese, questo libro propone una svolta nella direzione di una maggiore efficacia degli interventi pedagogici. Il gruppo e il potere del gruppo di trasformare i comportamenti individuali vengono messi al centro dell'attenzione e dell'operatività degli insegnanti. L'ipotesi di partenza è che il bullismo non è solo un'ingiustizia, quanto un'incompetenza conflittuale e socio-relazionale. Quando viene potenziata la capacità dei gruppi di essere comunità e di sapere come gestire i conflitti, il fenomeno si ridimensiona perché non trova più un terreno fertile per svilupparsi. E' una svolta impegnativa, che richiede la coesione educativa e l'impegno degli adulti ma, dove ci sono le condizioni per poterla attuare, ha dimostrato di funzionare efficacemente. a Genitorialità e problemi educativi / educazionee004 aRegoliosi Luigi